<?xml version="1.0" encoding="UTF-8"?>
<record
    xmlns:xsi="http://www.w3.org/2001/XMLSchema-instance"
    xsi:schemaLocation="http://www.loc.gov/MARC21/slim http://www.loc.gov/standards/marcxml/schema/MARC21slim.xsd"
    xmlns="http://www.loc.gov/MARC21/slim">

  <leader>02897njm a2200469Ia 4500</leader>
  <controlfield tag="001">73470</controlfield>
  <controlfield tag="003">IT-RoPAU</controlfield>
  <controlfield tag="005">20220918181118.0</controlfield>
  <controlfield tag="008">131025s9999    xx            000 0 und d</controlfield>
  <datafield tag="040" ind1=" " ind2=" ">
    <subfield code="a">IT-RoPAU</subfield>
  </datafield>
  <datafield tag="040" ind1=" " ind2=" ">
    <subfield code="c">IT-RoPAU</subfield>
  </datafield>
  <datafield tag="041" ind1=" " ind2=" ">
    <subfield code="a">POLACCO</subfield>
  </datafield>
  <datafield tag="999" ind1=" " ind2=" ">
    <subfield code="c">99568</subfield>
    <subfield code="d">99568</subfield>
  </datafield>
  <datafield tag="999" ind1=" " ind2=" ">
    <subfield code="b">n.d.</subfield>
  </datafield>
  <datafield tag="100" ind1=" " ind2=" ">
    <subfield code="a">AA.VV.</subfield>
    <subfield code="9">794</subfield>
  </datafield>
  <datafield tag="100" ind1=" " ind2=" ">
    <subfield code="e">Autore musica</subfield>
    <subfield code="9">25076</subfield>
  </datafield>
  <datafield tag="100" ind1=" " ind2=" ">
    <subfield code="g">Codice autore musica SPICS: 12000</subfield>
    <subfield code="9">796</subfield>
  </datafield>
  <datafield tag="245" ind1=" " ind2=" ">
    <subfield code="a">Dziewczyna Do Wziecia (Lp Sx 2587)</subfield>
  </datafield>
  <datafield tag="250" ind1=" " ind2=" ">
    <subfield code="a">1a ed.</subfield>
  </datafield>
  <datafield tag="260" ind1=" " ind2=" ">
    <subfield code="a">POLONIA</subfield>
  </datafield>
  <datafield tag="260" ind1=" " ind2=" ">
    <subfield code="b">MUZA</subfield>
    <subfield code="c">1988 [1a Ed.:1987 - Ed. Lingua Orig.: 1987]</subfield>
  </datafield>
  <datafield tag="300" ind1=" " ind2=" ">
    <subfield code="a">DISCO</subfield>
  </datafield>
  <datafield tag="500" ind1=" " ind2=" ">
    <subfield code="a">Musica leggera polacca. Canzone polacca</subfield>
  </datafield>
  <datafield tag="505" ind1=" " ind2=" ">
    <subfield code="a">Dziewczyna Do Wziecia - Jasiu (Oryg. Johnny) - Trzeba Zarabiac - Karolu, Slyszysz Mnie - Niedopieszczona - Czy Ja Naprawde Jestem Taka Smieszna - Kwiat Paproci - Pan Chce Mi Dac Tak Malo - Fizyczne Hobby - Szeptak - Romans Zaslyszany W Barze Mlecznym</subfield>
  </datafield>
  <datafield tag="650" ind1=" " ind2=" ">
    <subfield code="a">CANZONE POLACCA [DISCHI]</subfield>
    <subfield code="e">Codice MATERIA SPICS: 9950</subfield>
    <subfield code="9">25077</subfield>
  </datafield>
  <datafield tag="700" ind1=" " ind2=" ">
    <subfield code="a">Jodlowska Elzbieta</subfield>
    <subfield code="g">Codice interprete SPICS: 25579</subfield>
    <subfield code="e">Interprete</subfield>
    <subfield code="9">25078</subfield>
  </datafield>
  <datafield tag="700" ind1=" " ind2=" ">
    <subfield code="a">Alber H.</subfield>
    <subfield code="g">Codice autore musica SPICS: 23063</subfield>
    <subfield code="e">Autore musica</subfield>
    <subfield code="p">Dziewczyna Do Wziecia - Trzeba Zarabiac - Niedopieszczona - Pan Chce Mi Dac Tak Malo</subfield>
    <subfield code="9">25079</subfield>
  </datafield>
  <datafield tag="700" ind1=" " ind2=" ">
    <subfield code="a">Czapinska M.</subfield>
    <subfield code="g">Codice autore testo/musica SPICS: 25556</subfield>
    <subfield code="e">Autore testo/musica</subfield>
    <subfield code="p">Dziewczyna Do Wziecia - Niedopieszczona - Pan Chce Mi Dac Tak Malo</subfield>
    <subfield code="9">25080</subfield>
  </datafield>
  <datafield tag="700" ind1=" " ind2=" ">
    <subfield code="a">Hollander</subfield>
    <subfield code="g">Codice autore musica SPICS: 23710</subfield>
    <subfield code="e">Autore musica</subfield>
    <subfield code="p">Jasiu (Oryg. Johnny)</subfield>
    <subfield code="9">25081</subfield>
  </datafield>
  <datafield tag="700" ind1=" " ind2=" ">
    <subfield code="a">Maliszewska M.</subfield>
    <subfield code="g">Codice autore testo/musica SPICS: 25557</subfield>
    <subfield code="e">Autore testo/musica</subfield>
    <subfield code="p">Trzeba Zarabiac</subfield>
    <subfield code="9">25082</subfield>
  </datafield>
  <datafield tag="700" ind1=" " ind2=" ">
    <subfield code="a">Matracki B.</subfield>
    <subfield code="g">Codice autore musica SPICS: 25469</subfield>
    <subfield code="e">Autore musica</subfield>
    <subfield code="p">Karolu, Slyszysz Mnie</subfield>
    <subfield code="9">25083</subfield>
  </datafield>
  <datafield tag="700" ind1=" " ind2=" ">
    <subfield code="a">Dabrowski J.</subfield>
    <subfield code="g">Codice autore testo/musica SPICS: 25157</subfield>
    <subfield code="e">Autore testo/musica</subfield>
    <subfield code="p">Karolu, Slyszysz Mnie - Romans Zaslyszany W Barze Mlecznym</subfield>
    <subfield code="9">25084</subfield>
  </datafield>
  <datafield tag="700" ind1=" " ind2=" ">
    <subfield code="a">Gorny M.</subfield>
    <subfield code="g">Codice autore musica SPICS: 25470</subfield>
    <subfield code="e">Autore musica</subfield>
    <subfield code="p">Czy Ja Naprawde Jestem Taka Smieszna</subfield>
    <subfield code="9">25085</subfield>
  </datafield>
  <datafield tag="700" ind1=" " ind2=" ">
    <subfield code="a">Kocylak I.</subfield>
    <subfield code="g">Codice autore testo/musica SPICS: 25558</subfield>
    <subfield code="e">Autore testo/musica</subfield>
    <subfield code="p">Czy Ja Naprawde Jestem Taka Smieszna</subfield>
    <subfield code="9">25086</subfield>
  </datafield>
  <datafield tag="700" ind1=" " ind2=" ">
    <subfield code="a">Kuk W.</subfield>
    <subfield code="g">Codice autore musica SPICS: 25471</subfield>
    <subfield code="e">Autore musica</subfield>
    <subfield code="p">Kwiat Paproci</subfield>
    <subfield code="9">25087</subfield>
  </datafield>
  <datafield tag="700" ind1=" " ind2=" ">
    <subfield code="a">Gillowa J.</subfield>
    <subfield code="g">Codice autore testo/musica SPICS: 25559</subfield>
    <subfield code="e">Autore testo/musica</subfield>
    <subfield code="p">Kwiat Paproci</subfield>
    <subfield code="9">25088</subfield>
  </datafield>
  <datafield tag="700" ind1=" " ind2=" ">
    <subfield code="a">Knittel K.</subfield>
    <subfield code="g">Codice autore musica SPICS: 25472</subfield>
    <subfield code="e">Autore musica</subfield>
    <subfield code="p">Fizyczne Hobby</subfield>
    <subfield code="9">25089</subfield>
  </datafield>
  <datafield tag="700" ind1=" " ind2=" ">
    <subfield code="a">Szwed M.</subfield>
    <subfield code="g">Codice autore testo/musica SPICS: 25560</subfield>
    <subfield code="e">Autore testo/musica</subfield>
    <subfield code="p">Fizyczne Hobby</subfield>
    <subfield code="9">25090</subfield>
  </datafield>
  <datafield tag="700" ind1=" " ind2=" ">
    <subfield code="a">Wieronski M.</subfield>
    <subfield code="g">Codice autore musica SPICS: 25473</subfield>
    <subfield code="e">Autore musica</subfield>
    <subfield code="p">Szeptak</subfield>
    <subfield code="9">25091</subfield>
  </datafield>
  <datafield tag="700" ind1=" " ind2=" ">
    <subfield code="a">Laskowik Z.</subfield>
    <subfield code="g">Codice autore testo/musica SPICS: 25561</subfield>
    <subfield code="e">Autore testo/musica</subfield>
    <subfield code="p">Szeptak</subfield>
    <subfield code="9">25092</subfield>
  </datafield>
  <datafield tag="700" ind1=" " ind2=" ">
    <subfield code="a">Kopff A.</subfield>
    <subfield code="g">Codice autore musica SPICS: 25067</subfield>
    <subfield code="e">Autore musica</subfield>
    <subfield code="p">Romans Zaslyszany W Barze Mlecznym</subfield>
    <subfield code="9">25093</subfield>
  </datafield>
  <datafield tag="942" ind1=" " ind2=" ">
    <subfield code="c">MD</subfield>
    <subfield code="2">ddc</subfield>
  </datafield>
  <datafield tag="952" ind1=" " ind2=" ">
    <subfield code="0">0</subfield>
    <subfield code="1">0</subfield>
    <subfield code="4">0</subfield>
    <subfield code="6">73470_000000000000000</subfield>
    <subfield code="7">1</subfield>
    <subfield code="a">SPICS</subfield>
    <subfield code="b">SPICS</subfield>
    <subfield code="d">2013-10-25</subfield>
    <subfield code="l">0</subfield>
    <subfield code="o">73470</subfield>
    <subfield code="r">2013-10-25 00:00:00</subfield>
    <subfield code="w">2013-10-25</subfield>
    <subfield code="y">MD</subfield>
    <subfield code="z">Progr. Ins.: 17750 / N.Vol.: 1 / Copie: 1 - Copia rara: n.d. / date import: 01.01.2014 - By Epidotti, Trombetti, Vaglietti</subfield>
  </datafield>
</record>
